[Event "SVK-ch U14"]
[Site "Tatralandia"]
[Date "2025.05.15"]
[Round "6"]
[White "Lagin, Filip"]
[Black "Obtulovic, Simon"]
[Result "0-1"]
[WhiteElo "1000"]
[BlackElo "1472"]
[PlyCount "86"]
[EventDate "2025.05.11"]
[EventType "swiss"]
[EventRounds "9"]
[EventCountry "SVK"]
[SourceTitle "CB21_2025"]
[SourceDate "2025.05.21"]
[SourceVersion "1"]
[SourceVersionDate "2025.05.21"]
[SourceQuality "1"]

1. e4 c5 2. Nf3 d6 3. d4 cxd4 4. Nxd4 Nf6 5. Nc3 g6 6. Bc4 Bg7 7. Be3 0-0 8. f3 a6 9. Qd2 Bd7 10. 0-0-0 Nc6 11. g4 b5 12. Bb3 Na5 13. h4 Nxb3+ 14. cxb3 Rc8 15. h5 b4 16. Rdg1 bxc3 17. bxc3 Qa5 18. Kb2 d5 19. exd5 Nxd5 20. b4 Qc7 21. Rc1 Qg3 22. Rcf1 Nxe3 23. Qxe3 Bxd4 24. Qxd4 Bc6 25. h6 f6 26. Rhg1 Qh2+ 27. Kb3 Qd6 28. Qxd6 exd6 29. f4 f5 30. g5 Rfe8 31. Rd1 Rcd8 32. a4 Re4 33. Rgf1 Kf7 34. Ra1 d5 35. b5 axb5 36. axb5 Bxb5 37. Ra7+ Rd7 38. Rxd7+ Bxd7 39. Rd1 Rxf4 40. Rxd5 Be6 41. c4 Bxd5 42. cxd5 Re4 43. d6 Rd4 0-1